Qala'id al-`iqyan uamahasin alayan = Los collares de oro / (Record no. 19673)

MARC details
000 -LEADER
campo de control de longitud fija 00659nam a2200205 i 4500
001 - NÚMERO DE CONTROL
campo de control 19673
003 - IDENTIFICADOR DE NÚMERO DE CONTROL
campo de control ES-MaACL
005 - FECHA Y HORA DE LA ÚLTIMA TRANSACCIÓN
campo de control 20250907063034.0
007 - CAMPO FIJO DE DESCRIPCIÓN FÍSICA--INFORMACIÓN GENERAL
campo de control de longitud fija t|
008 - DATOS DE LONGITUD FIJA--INFORMACIÓN GENERAL
campo de control de longitud fija 021008s1860 fr ||||1| ara d
080 ## - NÚMERO DE LA CLASIFICACIÓN DECIMAL UNIVERSAL
Número de la Clasificación Decimal Universal 821.411.21(460)-1"07/12"(082.2)
100 1# - ENTRADA PRINCIPAL--NOMBRE DE PERSONA
Nombre de persona Ibn Jaqan, al-Fath,
Fechas asociadas al nombre m. 1134?
9 (RLIN) 156255
245 10 - MENCIÓN DEL TÍTULO
Título Qala'id al-`iqyan uamahasin alayan = Los collares de oro /
Mención de responsabilidad, etc. Alfath Abenjacan.
260 ## - PUBLICACIÓN, DISTRIBUCIÓN, ETC.
Lugar de publicación, distribución, etc. París :
Nombre del editor, distribuidor, etc. Suleiman el Harairí,
Fecha de publicación, distribución, etc. 1860 (1277 de la Hégira)
300 ## - DESCRIPCIÓN FÍSICA
Extensión 354 p. ;
Dimensiones 28 cm.
500 ## - NOTA GENERAL
Nota general Texto en árabe.
650 #4 - PUNTO DE ACCESO ADICIONAL DE MATERIA--TÉRMINO DE MATERIA
Término de materia o nombre geográfico como elemento de entrada Poesías árabes-
Subdivisión geográfica Al-Andalus.
9 (RLIN) 152061
852 ## - LOCALIZACIÓN
Ubicación ES-MaACL
Número de control de estantería F-729
Holdings
Estatus retirado Estado de pérdida Estado de daño No para préstamo Colección Biblioteca de origen Biblioteca actual Ubicación en estantería Fecha de adquisición Fuente de adquisición Total de préstamos Signatura topográfica completa Código de barras Visto por última vez Precio de reemplazo Tipo de ítem Koha
        Libros del s. XIX Biblioteca del Ateneo de Madrid Biblioteca del Ateneo de Madrid Depósito 2 17/01/2008     F-729 1020138 23/02/2023 23/02/2023 Libro impreso antiguo